| 000 | 00485cam a22001812 4500 | ||
|---|---|---|---|
| 001 | 0000000489 | ||
| 005 | 20151217155802.0 | ||
| 008 | 070205s xx 000 0 eng d | ||
| 040 |
_aKABU _cKABU |
||
| 050 | 0 |
_aDT425 _b.Y68 |
|
| 100 | 1 |
_aYounghusband, Ethel. _@0000148696 |
|
| 245 | 1 | 0 | _aGlimpses of East Africa and Zanzibar. |
| 260 |
_aLondon : _bJ. Long, _c1910. |
||
| 300 | _a320 p. | ||
| 908 | _a070205 | ||
| 950 | _@1 | ||
| 999 |
_c12352 _d12352 |
||